000 00304nam a2200121Ia 4500
008 190216s9999||||xx |||||||||||||| ||und||
100 _aSamuel Taylor Coleridge
245 0 _aBiographia Literaria
260 _bMac Millian And Com. Ltd
_c1978
300 _a106p
650 _aEnglish General
942 _cBK
999 _c13766
_d13766